Defence applications of agent-based information fusion /

Gespeichert in:
Bibliographische Detailangaben
1. Verfasser: David, Nicholson.
Format: Artikel
Sprache:English
Schlagworte:
Tags: Tag hinzufügen
Keine Tags, Fügen Sie den ersten Tag hinzu!
Thư viện lưu trữ: Thư viện Trường Đại học Đà Lạt
LEADER 00808nam a2200289 4500
001 DLU110130004
005 ##20111223
040 # # |a DLU  |b eng 
041 # # |a eng 
044 # # |a uk 
100 # # |a David, Nicholson.  
245 # # |a Defence applications of agent-based information fusion /  |c David Nicholson. 
653 # # |a Coordination 
653 # # |a Data fusion 
653 # # |a Multi-agent systems 
653 # # |a Networks 
653 # # |a Sensors 
773 # # |t The Computer Journal  |g Vol. 54, no. 2 (February 2011), p. 263-273 
920 # # |a Phòng Tạp chí -- Trung tâm Thông tin - Thư viện Trường Đại học Đà Lạt 
994 # # |a DLU 
900 # # |a True 
911 # # |a Trương Bảo Trâm Anh 
925 # # |a G 
926 # # |a A 
927 # # |a BB 
980 # # |a Thư viện Trường Đại học Đà Lạt